[Event "?"]
[Site "?"]
[Date "2010.12.27"]
[Round "1.1"]
[White "Kalinitschew, Sergey"]
[Black "Stegmann, Jens"]
[Result "1-0"]
[WhiteElo "2436"]
[BlackElo "1839"]
[PlyCount "67"]
[EventDate "2010.??.??"]
[WhiteTeam "SC Kreuzberg e.V."]
[BlackTeam "SC Zugzwang 95 e.V."]

1. d4 Nf6 2. c4 g6 3. g3 Bg7 4. Bg2 O-O 5. Nc3 d6 6. Nf3 c6 7. O-O Nbd7 8. e4
e5 9. h3 Qe7 10. Re1 b6 11. Be3 Bb7 12. Qc2 h6 13. Rad1 Rad8 14. b4 exd4 15.
Bxd4 Ne5 16. Nd2 Qc7 17. f4 Ned7 18. Bf2 Rfe8 19. a4 Nf8 20. c5 dxc5 21. bxc5
Ba6 22. cxb6 axb6 23. e5 N6d7 24. Nde4 Ne6 25. Nd6 Re7 26. Nce4 Nxe5 27. fxe5
Bxe5 28. Nc4 Bxc4 29. Rxd8+ Nxd8 30. Qxc4 Ne6 31. Kh2 Kg7 32. Nc3 Nd8 33. h4
Kh7 34. Nd5 1-0

[Event "?"]
[Site "?"]
[Date "2010.12.27"]
[Round "1.2"]
[White "Kostré, Margarita"]
[Black "Von Herman, Ulf"]
[Result "0-1"]
[WhiteElo "1805"]
[BlackElo "2404"]
[PlyCount "114"]
[EventDate "2010.??.??"]
[WhiteTeam "Schachpinguine Berlin e.V."]
[BlackTeam "SK König Tegel 1949 e.V."]

1. e4 c5 2. Nf3 Nc6 3. Nc3 Nf6 4. Bc4 e6 5. d4 cxd4 6. Nxd4 Bb4 7. Nxc6 bxc6 8.
Bd3 d5 9. exd5 cxd5 10. O-O O-O 11. Bg5 h6 12. Bh4 Rb8 13. Qf3 Bd6 14. Nb5 Be5
15. Qe2 Bxb2 16. Rab1 a6 17. Rxb2 axb5 18. Bxb5 Bd7 19. Rfb1 Bxb5 20. Rxb5 Rxb5
21. Qxb5 g5 22. Bg3 Qd7 23. Qxd7 Nxd7 24. Rb7 Nc5 25. Rb8 Rxb8 26. Bxb8 f6 27.
Ba7 Na4 28. g4 e5 29. Kf1 Kf7 30. a3 Ke6 31. h4 d4 32. hxg5 hxg5 33. Ke2 Nc3+
34. Kd3 Kd5 35. Bb6 e4+ 36. Kd2 Nb1+ 37. Kd1 Nxa3 38. Bd8 Ke6 39. Bc7 Nb5 40.
Bb8 Nd6 41. Ke2 Nc4 42. Bc7 Ne5 43. Bb6 Kd5 44. Bd8 Nxg4 45. f3 exf3+ 46. Kxf3
Ne5+ 47. Ke2 Ke6 48. Kd2 g4 49. c3 g3 50. cxd4 Nf3+ 51. Ke2 g2 52. d5+ Kxd5 53.
Bb6 g1=Q 54. Bxg1 Nxg1+ 55. Kf2 Ke4 56. Kxg1 Kf3 57. Kf1 f5 0-1

[Event "?"]
[Site "?"]
[Date "2010.12.27"]
[Round "1.3"]
[White "Dauth, Benjamin"]
[Black "Kliem, Helmut"]
[Result "1-0"]
[WhiteElo "2329"]
[BlackElo "1799"]
[PlyCount "67"]
[EventDate "2010.??.??"]
[WhiteTeam "SC Rotation Pankow e.V."]
[BlackTeam "SV Königsjäger Süd-West e.V."]

1. d4 Nf6 2. c4 e6 3. Nf3 b6 4. g3 Bb7 5. Bg2 Be7 6. O-O O-O 7. Nc3 d5 8. Ne5
Nbd7 9. Bf4 c6 10. Qa4 Nxe5 11. Bxe5 Nd7 12. Bf4 Bg5 13. cxd5 b5 14. Bxg5 Qxg5
15. Qa5 cxd5 16. Nxb5 Nb6 17. Nd6 Qe7 18. Nxb7 Qxb7 19. Rac1 Rfc8 20. b3 Rc7
21. Rc5 Rac8 22. Rfc1 g6 23. e3 Na8 24. Bf1 Rxc5 25. Rxc5 Rc7 26. a4 Qb6 27.
Qc3 Kg7 28. b4 Rb7 29. a5 Qd6 30. Rc6 Qe7 31. Rc8 Rc7 32. Rxc7 Nxc7 33. b5 Qd6
34. Qc5 1-0

[Event "?"]
[Site "?"]
[Date "2010.12.27"]
[Round "1.4"]
[White "Maslov, Maxim"]
[Black "Rietze, Clemens"]
[Result "0-1"]
[WhiteElo "1790"]
[BlackElo "2235"]
[PlyCount "68"]
[EventDate "2010.??.??"]
[WhiteTeam "TuS Makkabi Berlin e.V."]
[BlackTeam "USV Potsdam e.V., Abt. Schach"]

1. e4 c5 2. Nc3 Nc6 3. g3 g6 4. Bg2 Bg7 5. f4 d6 6. Nf3 f5 7. d3 Nf6 8. O-O O-O
9. Qe2 Nd4 10. Nxd4 cxd4 11. Nd5 fxe4 12. Nxf6+ Bxf6 13. Bxe4 Bh3 14. Rf2 Qd7
15. Qf3 Rad8 16. Bd5+ Kh8 17. Bxb7 d5 18. Ba6 Bg4 19. Bb5 Qe6 20. Qg2 Bh3 21.
Re2 Qg4 22. Qf2 e5 23. Qe1 g5 24. fxe5 Be7 25. Bd2 Rf1+ 26. Qxf1 Bxf1 27. Kxf1
Qf3+ 28. Rf2 Qh1+ 29. Ke2 Qxa1 30. Rf7 Rf8 31. e6 Rxf7 32. exf7 Kg7 33. Be8
Qxb2 34. h4 Qxc2 0-1

[Event "?"]
[Site "?"]
[Date "2010.12.27"]
[Round "1.5"]
[White "Grottke, Hans-Joachim"]
[Black "Cech, Tim"]
[Result "1-0"]
[WhiteElo "2223"]
[BlackElo "1780"]
[PlyCount "53"]
[EventDate "2010.??.??"]
[WhiteTeam "SC Empor Potsdam 1952 e.V."]
[BlackTeam "USV Potsdam e.V., Abt. Schach"]

1. e4 e5 2. Nf3 Nf6 3. Nxe5 d6 4. Nf3 Nxe4 5. Nc3 Nxc3 6. dxc3 Be7 7. Be3 Bg4
8. h3 Bh5 9. Qd5 Bxf3 10. Qxf3 c6 11. O-O-O O-O 12. Bf4 Qa5 13. Kb1 d5 14. c4
Na6 15. cxd5 Nb4 16. Bc4 Qc5 17. Bb3 cxd5 18. c3 Na6 19. Rxd5 Qc6 20. Rhd1 Nc5
21. Bc2 Ne6 22. Be3 Bf6 23. Qe4 g6 24. Rd6 Qc8 25. Bb3 Nc5 26. Bxc5 Qxc5 27.
Rxf6 1-0

[Event "?"]
[Site "?"]
[Date "2010.12.27"]
[Round "1.6"]
[White "Schröder, Detlef"]
[Black "Peschel, Andreas"]
[Result "0-1"]
[WhiteElo "1771"]
[BlackElo "2177"]
[PlyCount "104"]
[EventDate "2010.??.??"]
[WhiteTeam "SV Motor Wildau e.V."]
[BlackTeam "SG Solingen e.V."]

1. d4 g6 2. c4 Bg7 3. Nf3 c5 4. d5 d6 5. Nc3 Bxc3+ 6. bxc3 f5 7. e3 Qa5 8. Qb3
Nf6 9. Qa3 Qxa3 10. Bxa3 Nbd7 11. Rb1 Nb6 12. Nd2 Bd7 13. f3 O-O-O 14. Be2 Ba4
15. O-O Nfd7 16. Nb3 Ne5 17. Nd2 Bc2 18. Rb5 Ba4 19. Rb2 Rdf8 20. f4 Ned7 21.
Rbb1 h6 22. Bd3 Nf6 23. Bc1 Bd7 24. Rf3 Ne4 25. Bxe4 fxe4 26. Rf2 g5 27. Rxb6
axb6 28. Nxe4 gxf4 29. exf4 Bf5 30. Re2 Bxe4 31. Rxe4 Kd7 32. g4 Ra8 33. Re2
Ra4 34. Kg2 Rxc4 35. h4 Rg8 36. g5 hxg5 37. hxg5 Rxc3 38. Be3 Rd3 39. Kf3 Rxd5
40. Rb2 Kc6 41. Kg4 e6 42. Re2 Rd1 43. Bf2 Kd5 44. Be1 Rd4 45. Bf2 Re4 46. Rd2+
Kc6 47. Bg3 Rd4 48. Rh2 e5 49. Rh6 exf4 50. Bxf4 Rf8 51. Rf6 Rxf6 52. gxf6 Kd7
0-1

[Event "?"]
[Site "?"]
[Date "2010.12.27"]
[Round "1.7"]
[White "Püschel, Werner"]
[Black "Schellknecht, Jörg"]
[Result "1/2-1/2"]
[WhiteElo "2173"]
[BlackElo "1765"]
[PlyCount "78"]
[EventDate "2010.??.??"]
[WhiteTeam "SG Lasker Steglitz-Wilmersdorf"]
[BlackTeam "SC Caissa Falkensee e.V."]

1. e4 c5 2. Nf3 d6 3. Bb5+ Nd7 4. O-O Ngf6 5. Re1 a6 6. Bf1 e6 7. Nc3 Be7 8. a4
b6 9. b3 Bb7 10. Bb2 O-O 11. d3 Ne8 12. g3 Bf6 13. Bg2 Qc7 14. Qd2 Ne5 15. Nxe5
Bxe5 16. Rad1 Nf6 17. Bc1 d5 18. exd5 exd5 19. Ne2 d4 20. Bxb7 Qxb7 21. Nf4
Rfe8 22. Ng2 Nd5 23. Bb2 Bf6 24. Rxe8+ Rxe8 25. Re1 Rxe1+ 26. Qxe1 Qe7 27. Kf1
Qxe1+ 28. Kxe1 Kf8 29. Ke2 Be7 30. Ne1 f5 31. Nf3 Bf6 32. Bc1 h6 33. h4 Ke7 34.
Bf4 Nxf4+ 35. gxf4 g6 36. Kf1 Ke6 37. Kg2 Kd5 38. Kg3 h5 39. Nd2 b5 1/2-1/2

[Event "?"]
[Site "?"]
[Date "2010.12.27"]
[Round "1.8"]
[White "Ulrich, Gert"]
[Black "Hein, Carsten"]
[Result "0-1"]
[WhiteElo "1750"]
[BlackElo "2171"]
[PlyCount "58"]
[EventDate "2010.??.??"]
[WhiteTeam "ESV Delitzsch"]
[BlackTeam "SC Empor Potsdam 1952 e.V."]

1. d4 Nf6 2. Bg5 g6 3. Bxf6 exf6 4. e4 Bg7 5. c3 d6 6. Bd3 O-O 7. Nd2 c5 8. d5
a6 9. h4 Re8 10. h5 f5 11. hxg6 hxg6 12. f3 b5 13. Kf2 c4 14. Bc2 fxe4 15. Nxe4
f5 16. Ng3 b4 17. N3e2 Qb6+ 18. Kf1 a5 19. Ba4 Bd7 20. Bxd7 Nxd7 21. Qd2 Qe3
22. Rd1 Nc5 23. Nf4 Qxd2 24. Rxd2 bxc3 25. bxc3 Bxc3 26. Rc2 Be5 27. Rxc4 Bxf4
28. Rxf4 Nd3 29. Ne2 Rxe2 0-1

[Event "?"]
[Site "?"]
[Date "2010.12.27"]
[Round "1.9"]
[White "Cusnariov, Nicolai"]
[Black "Werthmann, Nils"]
[Result "1-0"]
[WhiteElo "2167"]
[BlackElo "1746"]
[PlyCount "59"]
[EventDate "2010.??.??"]
[WhiteTeam "USV Potsdam e.V., Abt. Schach"]
[BlackTeam "USV Potsdam e.V., Abt. Schach"]

1. d4 Nf6 2. c4 c5 3. d5 b5 4. cxb5 a6 5. bxa6 Bxa6 6. Nc3 g6 7. Nf3 Bg7 8. e4
Bxf1 9. Kxf1 d6 10. h3 Nbd7 11. Kg1 O-O 12. Kh2 Qa5 13. Re1 Ne8 14. Bg5 f6 15.
Bd2 Qb6 16. Qb3 Nc7 17. Qxb6 Nxb6 18. b3 Rfb8 19. Rab1 Na6 20. a3 Nc7 21. a4
Na6 22. Nb5 Kf8 23. g4 g5 24. Bc3 h6 25. h4 Ke8 26. hxg5 hxg5 27. Nxg5 fxg5 28.
Bxg7 Kf7 29. Bc3 Kg6 30. Kg3 1-0

[Event "?"]
[Site "?"]
[Date "2010.12.27"]
[Round "1.12"]
[White "Bielick, Jakob"]
[Black "Witt, Ronald"]
[Result "1-0"]
[WhiteElo "1700"]
[BlackElo "2099"]
[PlyCount "80"]
[EventDate "2010.??.??"]
[WhiteTeam "USV Potsdam e.V., Abt. Schach"]
[BlackTeam "Schachfreunde Zehdenick 76 e.V."]

1. e4 c6 2. d4 d5 3. Nc3 dxe4 4. Nxe4 Bf5 5. Ng3 Bg6 6. Nf3 Nd7 7. h4 h6 8. h5
Bh7 9. Bd3 Bxd3 10. Qxd3 Qc7 11. Rh4 e6 12. Bf4 Bd6 13. Bxd6 Qxd6 14. Ne4 Qe7
15. O-O-O O-O-O 16. Qb3 Ngf6 17. Nxf6 Nxf6 18. Ne5 Nd7 19. Re4 Nxe5 20. Rxe5
Rd5 21. Qg3 Rxe5 22. dxe5 Qg5+ 23. Qxg5 hxg5 24. g4 Rd8 25. Rxd8+ Kxd8 26. Kd2
Ke7 27. Ke3 f5 28. exf6+ gxf6 29. f4 gxf4+ 30. Kxf4 Kf8 31. g5 f5 32. g6 c5 33.
h6 c4 34. Ke5 b5 35. Kf6 f4 36. h7 Ke8 37. Kxe6 Kd8 38. h8=Q+ Kc7 39. Qe5+ Kb6
40. Qxf4 a5 1-0

[Event "?"]
[Site "?"]
[Date "2010.12.27"]
[Round "1.13"]
[White "König, Marco"]
[Black "Schrodt, Horst"]
[Result "1-0"]
[WhiteElo "2093"]
[BlackElo "1699"]
[PlyCount "63"]
[EventDate "2010.??.??"]
[WhiteTeam "Burger SK Schwarz-Weiß"]
[BlackTeam "SC Eintracht Berlin e.V."]

1. e4 c6 2. d4 d5 3. exd5 cxd5 4. c4 Nf6 5. Nc3 e6 6. Nf3 Be7 7. c5 O-O 8. Bf4
a6 9. Bd3 Nc6 10. Na4 Bd7 11. Nb6 Ra7 12. O-O Nh5 13. Bd2 g6 14. b4 Bf6 15. Bc3
Bg7 16. Re1 Nf6 17. a4 Be8 18. b5 Nb8 19. Qd2 Nfd7 20. Ba5 axb5 21. axb5 Nxc5
22. dxc5 Bxa1 23. Rxa1 Qf6 24. Re1 Nd7 25. Bc3 Qd8 26. Qh6 f6 27. Ng5 Qe7 28.
Nxd5 Qg7 29. Qxg7+ Kxg7 30. Nxe6+ Kg8 31. Nxf8 Kxf8 32. Nxf6 1-0

[Event "?"]
[Site "?"]
[Date "2010.12.27"]
[Round "1.14"]
[White "Bauer, Mirko"]
[Black "Schrodt, Sebastian"]
[Result "1-0"]
[WhiteElo "1691"]
[BlackElo "2085"]
[PlyCount "61"]
[EventDate "2010.??.??"]
[WhiteTeam "SAV Torgelow"]
[BlackTeam "BSV 63 Chemie Weißensee"]

1. d4 Nf6 2. c4 c5 3. d5 e6 4. Nc3 exd5 5. cxd5 d6 6. Nf3 g6 7. Nd2 Bg7 8. Nc4
a6 9. a4 O-O 10. Bg5 Re8 11. Qd2 Qc7 12. Qf4 Nbd7 13. Qxd6 Qxd6 14. Nxd6 Re5
15. Bf4 Rxd5 16. Nxd5 Nxd5 17. O-O-O N7b6 18. Bg3 Be6 19. e4 Bh6+ 20. Kb1 Nb4
21. a5 Bb3 22. axb6 Bc2+ 23. Ka1 Bxd1 24. Bc4 Bc2 25. Nxf7 Bg7 26. Nd8+ Kh8 27.
Nxb7 Bxe4 28. Nd6 Bxg2 29. Rd1 Bf3 30. Nf7+ Kg8 31. Ng5+ 1-0

[Event "?"]
[Site "?"]
[Date "2010.12.27"]
[Round "1.15"]
[White "Bauer, Norbert"]
[Black "Laurin, Dirk"]
[Result "1-0"]
[WhiteElo "2082"]
[BlackElo "1678"]
[PlyCount "71"]
[EventDate "2010.??.??"]
[WhiteTeam "SAV Torgelow"]
[BlackTeam "SG Narva Berlin e.V."]

1. e4 e5 2. Nf3 Nc6 3. Bb5 d6 4. d4 Bd7 5. Nc3 exd4 6. Nxd4 Nxd4 7. Bxd7+ Qxd7
8. Qxd4 Ne7 9. Nd5 Nc6 10. Qa4 O-O-O 11. Be3 Kb8 12. b4 b6 13. b5 Ne5 14. f4
Ng4 15. Nb4 c5 16. bxc6 Qe7 17. c7+ Kc8 18. cxd8=Q+ Qxd8 19. Qc6+ Qc7 20. Qxc7+
Kxc7 21. Nd5+ Kd7 22. Ke2 Be7 23. Bd4 Rg8 24. h3 Nf6 25. Nxe7 Kxe7 26. Bxf6+
Kxf6 27. Rad1 Ke6 28. Rd2 Re8 29. Rhd1 Rd8 30. e5 d5 31. c4 Kf5 32. Kf3 Rc8 33.
cxd5 h5 34. g4+ hxg4+ 35. hxg4+ Kg6 36. d6 1-0

[Event "?"]
[Site "?"]
[Date "2010.12.27"]
[Round "1.16"]
[White "Heinrich, Daniela"]
[Black "Mühlhan, Klaus"]
[Result "0-1"]
[WhiteElo "1476"]
[BlackElo "1971"]
[PlyCount "118"]
[EventDate "2010.??.??"]
[WhiteTeam "Schachverein Briesen e.V."]
[BlackTeam "SC Empor Potsdam 1952 e.V."]

1. e4 e5 2. Nf3 Nc6 3. d4 exd4 4. Nxd4 Qf6 5. c3 Bc5 6. Be3 Nge7 7. Bc4 Qg6 8.
O-O O-O 9. Nd2 d6 10. Nxc6 Nxc6 11. Bxc5 dxc5 12. Kh1 Ne5 13. Qe2 Be6 14. Rad1
Rad8 15. Bxe6 Qxe6 16. b3 Rd6 17. f4 Qg4 18. Qxg4 Nxg4 19. Rf3 Rfd8 20. h3 Nh6
21. Rf2 Rd3 22. Kh2 Rxc3 23. Nb1 Rcd3 24. Rfd2 Rxd2 25. Rxd2 Rd6 26. g4 f6 27.
Kg3 Kf8 28. Kf3 Nf7 29. Rxd6 cxd6 30. Nc3 Ke7 31. Nd5+ Kd7 32. h4 b5 33. a3 Nd8
34. g5 fxg5 35. hxg5 Ne6 36. Nc3 Nd4+ 37. Kg4 a5 38. f5 b4 39. axb4 axb4 40.
Nd5 Nxb3 41. f6 Ke6 42. Nf4+ Kf7 43. fxg7 Kxg7 44. Nd3 Nd2 45. e5 dxe5 46. Nxc5
b3 47. Nxb3 Nxb3 48. Kf5 Nc5 49. Kxe5 Kg6 50. Kf4 Ne6+ 51. Kg4 Nxg5 52. Kh4 Nf7
53. Kh3 Kg5 54. Kg3 Nd6 55. Kh3 Nf5 56. Kg2 Kg4 57. Kh2 Ne3 58. Kg1 Kg3 59. Kh1
Ng4 0-1

[Event "?"]
[Site "?"]
[Date "2010.12.27"]
[Round "1.17"]
[White "Bieg, Pascal"]
[Black "Hahlbohm, Matthias"]
[Result "0-1"]
[WhiteElo "1667"]
[BlackElo "2076"]
[PlyCount "74"]
[EventDate "2010.??.??"]
[WhiteTeam "SV Königsjäger Süd-West e.V."]
[BlackTeam "TSG Oberschöneweide e.V."]

1. d4 Nf6 2. c4 c6 3. Nf3 d5 4. Nc3 h6 5. e3 Bf5 6. Qb3 Bc8 7. Bd2 e6 8. Bd3
Nbd7 9. O-O Bd6 10. cxd5 exd5 11. e4 dxe4 12. Rfe1 O-O 13. Nxe4 Nxe4 14. Rxe4
Nf6 15. Ree1 Qc7 16. Bb4 Bxb4 17. Qxb4 Be6 18. Bc4 Bxc4 19. Qxc4 Rad8 20. Re2
Rd7 21. Rae1 Rfd8 22. Qb3 g6 23. Ne5 Rd5 24. Nf3 Kg7 25. h3 R8d7 26. Qa3 a6 27.
Re7 R5d6 28. Rxd7 Rxd7 29. Qb4 Nd5 30. Qd2 Qd6 31. Ne5 Rd8 32. Nf3 Nf4 33. Qc3
Qf6 34. Qb4 Nd3 35. Qxb7 Nxe1 36. Nxe1 Rxd4 37. Nf3 Rd1+ 0-1

[Event "?"]
[Site "?"]
[Date "2010.12.27"]
[Round "1.18"]
[White "Allgaier, Erik"]
[Black "Heinrich, Philipp"]
[Result "1-0"]
[WhiteElo "2074"]
[BlackElo "1662"]
[PlyCount "47"]
[EventDate "2010.??.??"]
[WhiteTeam "BVG Helmholtz"]
[BlackTeam "Schachverein Briesen e.V."]

1. d4 Nf6 2. Nf3 d6 3. Nc3 g6 4. e4 Bg7 5. h3 O-O 6. Be3 b6 7. e5 Nfd7 8. exd6
cxd6 9. Bc4 Bb7 10. O-O Nc6 11. Qe2 Qc8 12. Ne4 Na5 13. Bd3 Re8 14. Rac1 Qc7
15. c4 f5 16. Nc3 e5 17. Nd5 Bxd5 18. cxd5 Qb7 19. dxe5 Nxe5 20. Bb5 Nxf3+ 21.
Qxf3 Bxb2 22. Rc2 Bf6 23. Bxe8 Rxe8 24. Rfc1 1-0

[Event "?"]
[Site "?"]
[Date "2010.12.27"]
[Round "1.19"]
[White "Toth, Hans-Jürgen"]
[Black "Schirrmacher, Carsten"]
[Result "0-1"]
[WhiteElo "1647"]
[BlackElo "2060"]
[PlyCount "122"]
[EventDate "2010.??.??"]
[WhiteTeam "SF Zehdenick 76 e.V."]
[BlackTeam "SC Zitadelle Spandau 1977 e.V."]

1. f4 g6 2. Nf3 Bg7 3. e3 Nh6 4. Bd3 O-O 5. O-O c5 6. Nc3 Nc6 7. b3 d5 8. Rb1
d4 9. Ne4 dxe3 10. dxe3 b6 11. Bb2 Bxb2 12. Rxb2 Nb4 13. Bc4 Bf5 14. Ned2 Ng4
15. Re1 Qd6 16. c3 Nd3 17. Bxd3 Qxd3 18. Nb1 Qxd1 19. Rxd1 Nxe3 20. Re1 Nd5 21.
c4 Nxf4 22. Rxe7 Rfe8 23. Rc7 Nd3 24. Rd2 Ne1 25. Nc3 Nxf3+ 26. gxf3 Re3 27.
Nd5 Rxf3 28. Rf2 Rxf2 29. Kxf2 Kg7 30. Kg3 Be6 31. Nf4 Kf6 32. Kf3 g5 33. Nh5+
Ke5 34. Ke3 Bg4 35. Ng3 f5 36. Kf2 f4 37. Ne2 Bxe2 38. Kxe2 h5 39. Rd7 Kf5 40.
h3 Re8+ 41. Kf2 Re3 42. Rxa7 Rxh3 43. Ra6 Rh2+ 44. Kg1 Rd2 45. a4 g4 46. Rxb6
g3 47. Rb5 Kg4 48. Rxc5 Kf3 49. Rd5 Rb2 50. Rd1 Rxb3 51. Rc1 Rb4 52. c5 Rxa4
53. c6 Ra8 54. c7 Rc8 55. Rc3+ Kg4 56. Kg2 h4 57. Rc6 f3+ 58. Kh1 Kh3 59. Rc3
Rxc7 60. Rxc7 f2 61. Rc1 g2# 0-1

[Event "?"]
[Site "?"]
[Date "2010.12.27"]
[Round "1.20"]
[White "Mix, Thomas"]
[Black "Friedel, Manuel"]
[Result "1-0"]
[WhiteElo "2033"]
[BlackElo "1633"]
[PlyCount "59"]
[EventDate "2010.??.??"]
[WhiteTeam "SF Brannenburg"]
[BlackTeam "SC Empor Potsdam 1952 e.V."]

1. e4 e6 2. d4 d5 3. e5 c5 4. c3 Nc6 5. Nf3 Qb6 6. a3 Bd7 7. b4 cxb4 8. cxb4 a6
9. Be3 Nge7 10. Bd3 Na7 11. Nc3 Nb5 12. Na4 Qd8 13. Nc5 Bc6 14. Qc2 Ng6 15. Ng5
Nxd4 16. Qb2 Nf5 17. Ngxe6 fxe6 18. Nxe6 Qe7 19. Bxf5 Qf7 20. Bh3 Bb5 21. Rc1
Bc4 22. Qd4 a5 23. Qb6 Rc8 24. Ng5 Qc7 25. Qe6+ Be7 26. Qf7+ Kd8 27. Ne6+ Kd7
28. Nxc7+ Kxc7 29. Bxc8 Kxc8 30. Qxd5 1-0

[Event "?"]
[Site "?"]
[Date "2010.12.27"]
[Round "1.22"]
[White "Schlüter, Bernd"]
[Black "Leyrer, Thomas"]
[Result "1-0"]
[WhiteElo "2004"]
[BlackElo "1618"]
[PlyCount "65"]
[EventDate "2010.??.??"]
[WhiteTeam "SV Rochade Potsdam-West e.V."]
[BlackTeam "SV Königsjäger Süd-West e.V."]

1. d4 d5 2. Nf3 Nf6 3. c4 c6 4. Nc3 Nbd7 5. Bg5 dxc4 6. e4 b5 7. e5 Nd5 8. a4
Nxc3 9. bxc3 Nb6 10. axb5 cxb5 11. Be2 Nd5 12. Qc2 h6 13. Bh4 Qd7 14. Nd2 Bb7
15. Ne4 e6 16. O-O Nf4 17. Bf3 Bd5 18. Ra6 Bxe4 19. Bxe4 Qc8 20. Rfa1 Nd5 21.
Bxd5 exd5 22. e6 Qb7 23. Qf5 g5 24. exf7+ Qxf7 25. Re1+ Be7 26. Rf6 Qh7 27.
Qxd5 Rc8 28. Qxb5+ Kd8 29. Qd5+ Ke8 30. Bg3 Rf8 31. Rfe6 Rf7 32. Qb7 Kd8 33.
Bd6 1-0

[Event "?"]
[Site "?"]
[Date "2010.12.27"]
[Round "1.23"]
[White "Steppan, Siegfried"]
[Black "Cremer, Jan Paul"]
[Result "0-1"]
[WhiteElo "1604"]
[BlackElo "2003"]
[PlyCount "72"]
[EventDate "2010.??.??"]
[WhiteTeam "SV Werder/H."]
[BlackTeam "Schachpinguine Berlin e.V."]

1. d4 Nf6 2. c4 g6 3. Nc3 Bg7 4. e4 d6 5. h3 O-O 6. Bg5 c5 7. d5 b5 8. cxb5 a6
9. bxa6 Qa5 10. Bd2 Nbd7 11. Nf3 Bxa6 12. Be2 Qb4 13. Bxa6 Rxa6 14. Qe2 Raa8
15. O-O Qxb2 16. Rab1 Qa3 17. Rb3 Qa6 18. Qxa6 Rxa6 19. Rfb1 Raa8 20. Rb7 Rfb8
21. Rxb8+ Rxb8 22. Rxb8+ Nxb8 23. Ne1 Nfd7 24. Ne2 Nb6 25. Bc3 e6 26. Bxg7 Kxg7
27. dxe6 fxe6 28. Nc3 d5 29. e5 Nc6 30. f4 d4 31. Ne4 c4 32. Kf1 Nd5 33. g3 d3
34. Nf3 c3 35. Ke1 Ncb4 36. a4 c2 0-1

[Event "?"]
[Site "?"]
[Date "2010.12.27"]
[Round "1.24"]
[White "Müller, Klaus"]
[Black "Walter-von Gierke, Frank"]
[Result "1-0"]
[WhiteElo "2002"]
[BlackElo "1600"]
[PlyCount "149"]
[EventDate "2010.??.??"]
[WhiteTeam "SG Lok Brandenburg, Abt. Schach"]
[BlackTeam "ohne Verein"]

1. e4 d6 2. d4 Nf6 3. Nc3 g6 4. f3 Bg7 5. Be3 a6 6. a4 Nbd7 7. Qd2 c6 8. Bc4
O-O 9. Nge2 e6 10. Bb3 d5 11. e5 Ne8 12. O-O Nc7 13. f4 b5 14. a5 f5 15. Na2
Qe7 16. Qb4 Qxb4 17. Nxb4 Bb7 18. Nc1 Rac8 19. Ncd3 Rf7 20. c3 Bf8 21. Bd1 h5
22. Nc2 Be7 23. b3 Ne8 24. b4 Rg7 25. Kh1 Kh7 26. Nce1 Nc7 27. Nf3 Rh8 28. Nf2
Kg8 29. Nh3 Kf8 30. Bf2 Ke8 31. Bh4 Nf8 32. Bxe7 Kxe7 33. Nh4 Bc8 34. g3 Bd7
35. Ng5 Nh7 36. Ra2 Nxg5 37. fxg5 Be8 38. Ng2 Rgh7 39. Rf4 Bf7 40. Kg1 Ne8 41.
Ne1 Nc7 42. Nd3 Be8 43. Rh4 Bf7 44. Nc5 Be8 45. Rf2 Bf7 46. Rff4 Be8 47. Rh3
Bf7 48. Rfh4 Bg8 49. Nd3 Kf7 50. Nf4 Kg7 51. Kf2 Bf7 52. Nd3 Kf8 53. g4 fxg4
54. Bxg4 Bg8 55. Be2 Rf7+ 56. Ke3 Ke7 57. Nf4 Rg7 58. Rf3 Bf7 59. Nd3 Rhg8 60.
Rhf4 Be8 61. Rf6 Bf7 62. Nc5 Ra8 63. Nb7 Rf8 64. Nd6 Ne8 65. Bd3 Nxd6 66. exd6+
Kxd6 67. Bxg6 Bxg6 68. Rxf8 Bf5 69. h4 Kc7 70. Rh8 Kb7 71. Kf4 Bg4 72. Rf2 Rf7+
73. Ke3 Rg7 74. Rf6 Re7 75. g6 1-0

[Event "?"]
[Site "?"]
[Date "2010.12.27"]
[Round "1.25"]
[White "Reich, Christian"]
[Black "Krefenstein, Sergej"]
[Result "1-0"]
[WhiteElo "1590"]
[BlackElo "1998"]
[PlyCount "139"]
[EventDate "2010.??.??"]
[WhiteTeam "SC Straubing"]
[BlackTeam "ohne Verein"]

1. e4 e5 2. Bc4 Nf6 3. Nc3 Nc6 4. d3 d6 5. Be3 Ng4 6. Bd2 Be7 7. h3 Nf6 8. Nf3
Be6 9. Nd5 Bxd5 10. Bxd5 Nxd5 11. exd5 Nb8 12. O-O O-O 13. Qe2 f5 14. Nh2 f4
15. g4 Nd7 16. Nf3 Bf6 17. c4 a5 18. Bc3 Re8 19. Nd2 Nc5 20. Ne4 Nxe4 21. dxe4
Qd7 22. f3 g6 23. a3 a4 24. Kg2 Ra6 25. Rac1 Rea8 26. Bb4 b6 27. Rh1 Bh4 28.
Be1 Qe7 29. Bxh4 Qxh4 30. Qf2 Qxf2+ 31. Kxf2 Ra5 32. Rc3 Kf7 33. h4 Rc5 34. h5
Raa5 35. hxg6+ Kxg6 36. Rhc1 Kg5 37. Kg2 h6 38. R1c2 Kh4 39. Rc1 Kg5 40. R1c2
Ra8 41. Rc1 Rh8 42. b4 axb3 43. Rxb3 Ra8 44. Rcc3 Raa5 45. Kh3 b5 46. cxb5
Raxb5 47. a4 Rb6 48. Ra3 Rxc3 49. Rxc3 Rb1 50. Ra3 Rh1+ 51. Kg2 Rb1 52. a5 Rb7
53. a6 Ra7 54. Kf2 Kf6 55. Ke2 Ke7 56. Kd3 Kd7 57. Kc4 c5 58. Kb5 Kc7 59. Ra1
Ra8 60. Rh1 Rh8 61. Rh5 Rb8+ 62. Ka5 Rb1 63. Rxh6 Ra1+ 64. Kb5 Rb1+ 65. Kc4
Rc1+ 66. Kd3 Rd1+ 67. Ke2 Ra1 68. a7 Ra6 69. g5 Kd7 70. Rh7+ 1-0

[Event "?"]
[Site "?"]
[Date "2010.12.27"]
[Round "1.26"]
[White "Kuckel, Andreas"]
[Black "Haar, Reinhard"]
[Result "0-1"]
[WhiteElo "1985"]
[BlackElo "1501"]
[PlyCount "82"]
[EventDate "2010.??.??"]
[WhiteTeam "SV Motor Wildau e.V."]
[BlackTeam "SV Rochade Potsdam-West e.V."]

1. d4 Nf6 2. c4 g6 3. Nc3 Bg7 4. e4 d6 5. Bg5 O-O 6. h3 c5 7. d5 Ne8 8. Bd3 f5
9. Qd2 fxe4 10. Nxe4 Bf5 11. Ne2 Nd7 12. N2g3 Ne5 13. O-O Bxh3 14. Be2 Bg4 15.
Rae1 Bxe2 16. Qxe2 Qd7 17. Nc3 Nf6 18. f4 Neg4 19. Qxe7 Rae8 20. Qxd7 Nxd7 21.
Be7 Bd4+ 22. Kh1 Nf2+ 23. Kh2 Rxf4 24. Nge2 Ng4+ 25. Kg3 Rxf1 26. Rxf1 Rxe7 27.
Kxg4 Ne5+ 28. Kh3 Nxc4 29. Ng3 Nxb2 30. Nb5 Nc4 31. Rf4 a6 32. Nxd4 cxd4 33.
Rxd4 b5 34. Ne4 Kg7 35. g4 Rf7 36. Ng5 Re7 37. Ne6+ Kf6 38. Kg3 Ne3 39. Rf4+
Ke5 40. Re4+ Kxd5 41. Nf4+ Kxe4 0-1

[Event "?"]
[Site "?"]
[Date "2010.12.27"]
[Round "1.27"]
[White "Calamar, George"]
[Black "König, Frank"]
[Result "1/2-1/2"]
[WhiteElo "1489"]
[BlackElo "1985"]
[PlyCount "57"]
[EventDate "2010.??.??"]
[WhiteTeam "ohne Verein"]
[BlackTeam "BSG 1827 Eckbauer e.V."]

1. c4 Nf6 2. Nc3 g6 3. g3 Bg7 4. Bg2 O-O 5. e3 d6 6. Nge2 c6 7. O-O Na6 8. b3
Bf5 9. d3 Qd7 10. Re1 Nb4 11. e4 Bh3 12. Bh1 c5 13. a3 Nc6 14. Rb1 Nh5 15. Nd5
Nd4 16. Nxd4 Bxd4 17. Bb2 Bxb2 18. Rxb2 Be6 19. Bf3 Bxd5 20. exd5 Ng7 21. Rbe2
Rae8 22. Qd2 b6 23. Re4 e5 24. dxe6 fxe6 25. Bg4 Rf6 26. d4 Ref8 27. f4 Nf5 28.
Bxf5 gxf5 29. R4e2 1/2-1/2

[Event "?"]
[Site "?"]
[Date "2010.12.27"]
[Round "1.28"]
[White "Sicora, Carsten"]
[Black "Schmidt, Konrad"]
[Result "1-0"]
[WhiteElo "1981"]
[BlackElo "1478"]
[PlyCount "95"]
[EventDate "2010.??.??"]
[WhiteTeam "ohne Verein"]
[BlackTeam "USV TU Dresden"]

1. e4 c5 2. c3 d6 3. d4 cxd4 4. cxd4 g6 5. Bc4 Bg7 6. Nf3 Nf6 7. Nc3 O-O 8. Qe2
Nbd7 9. e5 dxe5 10. dxe5 Ne8 11. O-O Nc5 12. Rd1 Qa5 13. Nd5 e6 14. b4 Qa4 15.
Bb5 exd5 16. Bxa4 Nxa4 17. Qc2 Nb6 18. Be3 f6 19. Bxb6 axb6 20. Qb3 Nc7 21.
Rac1 Rf7 22. Rxc7 Rxc7 23. Qxd5+ Rf7 24. e6 Re7 25. Qd8+ Bf8 26. Rc1 Rxe6 27.
Rxc8 Rxc8 28. Qxc8 Rc6 29. Qe8 Kg7 30. g3 Bxb4 31. Qd7+ Kh6 32. Qxb7 Rc1+ 33.
Kg2 Bc5 34. Qd5 Rc2 35. Nd2 f5 36. h3 Bb4 37. Nf3 Bc5 38. Nd2 Bb4 39. Nc4 Bc5
40. Ne3 Bxe3 41. Kf3 Bc5 42. g4 Rxf2+ 43. Kg3 f4+ 44. Kh4 Be7+ 45. g5+ Bxg5+
46. Qxg5+ Kg7 47. Qe7+ Kh6 48. Qf8# 1-0

[Event "?"]
[Site "?"]
[Date "2010.12.27"]
[Round "1.29"]
[White "Scheide, Helmut"]
[Black "Schwedek, Tony"]
[Result "1-0"]
[WhiteElo "1965"]
[BlackElo "1456"]
[PlyCount "61"]
[EventDate "2010.??.??"]
[WhiteTeam "USV Potsdam e.V., Abt. Schach"]
[BlackTeam "SC Zitadelle Spandau 1977 e.V."]

1. d4 d5 2. c4 dxc4 3. Nc3 e5 4. e3 exd4 5. exd4 Nf6 6. Bxc4 c6 7. Nf3 Bg4 8.
Bxf7+ Kxf7 9. Ne5+ Kg8 10. Nxg4 h5 11. Nxf6+ Qxf6 12. Qb3+ Qf7 13. Qxf7+ Kxf7
14. Bf4 Bb4 15. O-O Nd7 16. Rfd1 Bxc3 17. bxc3 Nf6 18. c4 Rad8 19. f3 b5 20.
cxb5 cxb5 21. Rab1 Nd5 22. Rxb5 Kg6 23. Bd2 Rhe8 24. Kf2 Rd7 25. Rc1 Nb6 26.
Rc6+ Kf7 27. Rxh5 Rxd4 28. Rf5+ Kg8 29. Bc3 Ra4 30. Rc7 Rxa2+ 31. Kg3 1-0